| 000 | 00792nam a2200265Ia 4500 | ||
|---|---|---|---|
| 003 | OSt | ||
| 005 | 20221005062553.0 | ||
| 006 | a|||||r|||| 00| 0 | ||
| 007 | ta | ||
| 008 | 221004b |||||||| |||| 00| 0 eng d | ||
| 020 |
_a9781412902540 _c36452.25 |
||
| 024 | _a85404 | ||
| 037 |
_b11636, 29/03/2007, Govinda Book House _cTextual |
||
| 040 |
_aCRL _cCRL _beng |
||
| 041 |
_2eng _aeng |
||
| 082 | _aR44, P5.1-.3 | ||
| 100 |
_aAllhoff Fritz Ed. _934622 |
||
| 245 | 0 | _aBusiness Ethics | |
| 260 |
_aLondon _bSage Publication UK _c2006 |
||
| 490 | _vV 1 | ||
| 650 | _aPHILOSOPHY | ||
| 700 |
_a Vaidya Anand Ed. _9601970 |
||
| 942 |
_hR44, P5.1-.3 _cTEXL _2cc |
||
| 999 |
_c969894 _d969894 |
||